[Event "Treviso op-B 34th"]
[Site "Treviso"]
[Date "2010.12.05"]
[Round "5.9"]
[White "Scian, Nicola"]
[Black "Zamprogno, Giacomo"]
[Result "1-0"]
[WhiteElo "1738"]
[BlackElo "1578"]
[PlyCount "109"]
[EventDate "2010.12.03"]
[EventType "swiss"]
[EventRounds "5"]
[EventCountry "ITA"]
[SourceTitle "EXT 2024"]
[Source "ChessBase"]
[SourceDate "2023.10.10"]
[SourceVersion "1"]
[SourceVersionDate "2023.10.10"]
[SourceQuality "1"]

1. e4 c5 2. Nf3 Nc6 3. Bb5 Nd4 4. Nxd4 cxd4 5. 0-0 a6 6. Bc4 e5 7. Qh5 Qe7 8. d3 Nf6 9. Qh4 d5 10. exd5 Nxd5 11. Qxe7+ Nxe7 12. f4 Nc6 13. Re1 f6 14. a3 Kd8 15. Nd2 Bd6 16. Ne4 Bc7 17. fxe5 Nxe5 18. Bb3 Re8 19. Bd2 f5 20. Ng3 g6 21. Bg5+ Kd7 22. Ne2 Nc6 23. Nf4 Ne5 24. Nd5 Bd8 25. Nf6+ Bxf6 26. Bxf6 Nc6 27. Bd5 Rb8 28. Bxc6+ bxc6 29. Bxd4 Bb7 30. b4 Rxe1+ 31. Rxe1 Re8 32. Rxe8 Kxe8 33. Kf2 Ke7 34. g3 h5 35. h4 Ke6 36. Ke3 Bc8 37. c4 Bb7 38. Bg7 Bc8 39. Kd4 Kd6 40. Be5+ Kd7 41. Kc5 Bb7 42. Bd6 Bc8 43. d4 Bb7 44. Be5 Bc8 45. a4 Ke6 46. Kxc6 Bd7+ 47. Kb6 Bxa4 48. Kxa6 Kd7 49. b5 Bb3 50. c5 Bc4 51. c6+ Kc8 52. Kb6 Be6 53. Kc5 Bf7 54. d5 Be8 55. b6 1-0

[Event "Treviso op-B 34th"]
[Site "Treviso"]
[Date "2010.12.04"]
[Round "3.14"]
[White "De Simon, Maurizio"]
[Black "Zamprogno, Giacomo"]
[Result "0-1"]
[WhiteElo "1466"]
[BlackElo "1578"]
[PlyCount "90"]
[EventDate "2010.12.03"]
[EventType "swiss"]
[EventRounds "5"]
[EventCountry "ITA"]
[SourceTitle "EXT 2024"]
[Source "ChessBase"]
[SourceDate "2023.10.10"]
[SourceVersion "1"]
[SourceVersionDate "2023.10.10"]
[SourceQuality "1"]

1. Nf3 f5 2. d4 e6 3. g3 Nf6 4. Bg5 c6 5. Bg2 d5 6. Nbd2 Nbd7 7. 0-0 Be7 8. c4 0-0 9. Rc1 Ne4 10. Bxe7 Qxe7 11. b3 Qf7 12. cxd5 exd5 13. e3 Qg6 14. Nh4 Qh6 15. Nxe4 fxe4 16. Bh3 Nb6 17. Bxc8 Nxc8 18. Qg4 Qf6 19. Rc2 Nd6 20. f3 Nf5 21. fxe4 Nxe3 22. Rxf6 Nxg4 23. Rxf8+ Rxf8 24. Nf5 dxe4 25. Nd6 Rd8 26. Nxb7 Rxd4 27. Rxc6 Rd1+ 28. Kg2 Rd2+ 29. Kh3 Nf2+ 30. Kh4 Rxa2 31. Rc8+ Kf7 32. Nd6+ Ke6 33. Nc4 Nd3 34. Re8+ Kd5 35. Ne3+ Kd4 36. Nf5+ Kc3 37. Rxe4 Rxh2+ 38. Kg4 Nf2+ 39. Kf4 Nxe4 40. Kxe4 Kxb3 41. Nxg7 a5 42. Nf5 a4 43. Nd4+ Kb2 44. Kd3 a3 45. Nf3 Rh3 0-1

[Event "Mogliano Veneto op-C 31st"]
[Site "Mogliano Veneto"]
[Date "2010.04.30"]
[Round "1"]
[White "Buso, Gianluca"]
[Black "Zamprogno, Giacomo"]
[Result "1-0"]
[WhiteElo "1395"]
[BlackElo "1491"]
[PlyCount "61"]
[EventDate "2010.04.30"]
[EventType "swiss"]
[EventRounds "5"]
[EventCountry "ITA"]
[SourceTitle "EXT 2023"]
[Source "ChessBase"]
[SourceDate "2022.10.05"]
[SourceVersion "1"]
[SourceVersionDate "2022.10.05"]
[SourceQuality "1"]

1. e4 c5 2. Nf3 d6 3. d4 cxd4 4. Nxd4 Nf6 5. Nc3 a6 6. f3 e6 7. Bc4 b5 8. Bb3 Bb7 9. Be3 Nbd7 10. Qd2 Be7 11. 0-0-0 Ne5 12. g4 Rc8 13. h4 Qd7 14. h5 Qd8 15. g5 Nfd7 16. g6 fxg6 17. hxg6 Nxg6 18. Nxe6 Qa5 19. Nxg7+ Kf8 20. Ne6+ Ke8 21. Ng7+ Kd8 22. Bg5 Rc5 23. Bxe7+ Nxe7 24. Ne6+ Ke8 25. Rdg1 Ne5 26. Rg7 Nxf3 27. Rxe7+ Kxe7 28. Nd5+ Kxe6 29. Qxa5 Ke5 30. Rh5+ Kxe4 31. Qb4+ 1-0

[Event "Chioggia op-B 04th"]
[Site "Chioggia"]
[Date "2009.10.10"]
[Round "2"]
[White "Zamprogno, Giacomo"]
[Black "Aprile, Massimo"]
[Result "1-0"]
[WhiteElo "1518"]
[BlackElo "1428"]
[PlyCount "76"]
[EventDate "2009.10.09"]
[EventType "swiss"]
[EventRounds "5"]
[EventCountry "ITA"]
[SourceTitle "EXT 2022"]
[Source "ChessBase"]
[SourceDate "2021.10.06"]
[SourceVersion "1"]
[SourceVersionDate "2021.10.06"]
[SourceQuality "1"]

1. e4 c5 2. Nc3 e6 3. g3 Nc6 4. Bg2 d6 5. d3 Be7 6. f4 Bd7 7. Nf3 Qb6 8. b3 Nf6 9. h3 h6 10. Be3 Qc7 11. Qd2 a6 12. 0-0 b5 13. g4 0-0-0 14. Qf2 Rdg8 15. Rfe1 Ne8 16. e5 Nd8 17. Ne4 Nb7 18. c4 f5 19. Ng3 fxg4 20. hxg4 g5 21. fxg5 hxg5 22. Bd2 Bc6 23. Qe2 d5 24. a4 b4 25. cxd5 Bxd5 26. Rab1 Na5 27. Qd1 Qb7 28. Rf1 Nc6 29. Qe2 a5 30. Rfc1 Qb8 31. d4 Qa7 32. Be3 Nc7 33. dxc5 Bxf3 34. Qxf3 Nxe5 35. Qe4 Nd7 36. c6 Nb6 37. Qd4 Ncd5 38. Bxd5 exd5 1-0